000 00334nab a22001097u 4500
008 130520b1990 xxu||||| |||| 00| 0 spa d
041 _aspa
100 1 _aDussel, Enrique D.
_98971
245 0 0 _aLas motivaciones reales de la conquista
_cEnrique D. Dussel
773 0 _tConcilium
_gV.2,1990,págs.403-415
_x0210-1041
_wRev134
942 _cAR
999 _c355557
_d355557